Účtovná závierka ako zdroj informácií pre manažment bakalárska práca

Gespeichert in:
Bibliographische Detailangaben
1. Verfasser: Tínesová, Lucia
Körperschaft: Fakulta hospodárskej informatiky EU. Katedra účtovníctva a audítorstva
Weitere Verfasser: Husárová, Stanislava
Format: Buch
Sprache:Slowakisch
Veröffentlicht: Bratislava 2009
Tags: Tag hinzufügen
Keine Tags, Fügen Sie das erste Tag hinzu!

MARC

LEADER 00000nam$a2200000$$$4500
001 0102314
005 20240318134941.3
041 0 |a slo 
044 |a SK 
245 1 0 |a Účtovná závierka ako zdroj informácií pre manažment  |b bakalárska práca  |c Lucia Tínesová ; škol. Stanislava Husárová 
264 1 |a Bratislava  |c 2009 
300 |a 35 s. 
100 1 |a Tínesová, Lucia 
700 1 |a Husárová, Stanislava 
710 2 |a Fakulta hospodárskej informatiky EU. Katedra účtovníctva a audítorstva